Quiz da Tunísia - Statistics

Estatísticas Gerais
  • Esse quiz foi jogado 565 vezes
  • A pontuação média é 10 de 18
Estatísticas das Respostas
Dica Resposta % Correto
Países fazendo fronteira com a Tunísia Argélia
96%
Língua oficial Árabe
95%
Países fazendo fronteira com a Tunísia Líbia
95%
Mar fazendo fronteira com a Tunísia Mar Mediterrâneo
94%
Deserto no sul da Tunísia Saara
94%
Capital Tunes
91%
País que colonizou a Tunísia França
89%
Protesto multinacional que começou na Tunísia em Dezembro de 2010 {Primavera} {Árabe}
63%
Cidade antiga que foi derrotada pelos romanos nas Guerras Púnicas Cartago
53%
Moeda oficial Dinar
47%
Cordilheira que passa pela Tunísia Atlas
38%
Pessoas indígenas Berberes
36%
General daquela cidade que atravessou os Alpes com elefantes Aníbal
34%
Civilização que fundou esta cidade Fenícia
31%
Segunda maior cidade Sfax
22%
Maior ilha Djerba
21%
Primeira rainha da cidade acima Dido
19%
Minarete mais velho ainda intacto Cairuão
12%
Nenhum quiz correspondente encontrado
Distribuição das Pontuações
Porcentagem de Pessoas com Cada Pontuação
Percentil de Números Respondidos
Sua Pontuação Histórica
Você não jogou esse quiz